000 00563nam a2200241Ia 4500
003 OSt
005 20220912145458.0
006 a|||||r|||| 00| 0
007 ta
008 220909b |||||||| |||| 00| 0 eng d
024 _a68000
037 _cTextual
040 _aCSL
_beng
_cCSL
041 _aeng
082 _aD2:8:H, K2
100 _aWalters R C S
245 0 _aDam geology
260 _c1962
300 _ap.
_ccm.
650 _aIrrigation engineering
942 _hD2:8:H, K2
_cTEXL
_2CC
999 _c32757
_d32757